[Event "ALG-ch U20"]
[Site "Tiaret"]
[Date "2019.06.28"]
[Round "6"]
[White "Adjerit, Noureddine"]
[Black "Brahami, Lamine"]
[Result "0-1"]
[WhiteElo "1891"]
[BlackElo "2045"]
[PlyCount "72"]
[EventDate "2019.06.26"]
[EventType "swiss"]
[EventRounds "9"]
[EventCountry "ALG"]
[SourceTitle "EXT 2020"]
[Source "ChessBase"]
[SourceDate "2019.10.17"]
[SourceVersion "1"]
[SourceVersionDate "2019.10.17"]
[SourceQuality "1"]

1. d4 Nf6 2. c4 g6 3. Nc3 Bg7 4. e4 d6 5. Nge2 0-0 6. Ng3 e5 7. d5 c6 8. Be2 cxd5 9. cxd5 a6 10. Be3 Nbd7 11. Qd2 b5 12. a3 Rb8 13. b4 Nb6 14. f3 Bd7 15. 0-0 Ne8 16. Bh6 f5 17. exf5 Bxf5 18. Nxf5 Rxf5 19. Bxg7 Nxg7 20. Ne4 Nc8 21. Rac1 Ne7 22. Rc2 Rf8 23. f4 Qb6+ 24. Kh1 Ngf5 25. fxe5 dxe5 26. Rc5 Nd4 27. Qe1 Nef5 28. Bf3 Rbd8 29. Nd2 Qd6 30. Be4 Ne7 31. Nf3 Rf4 32. Nxd4 Rxf1+ 33. Qxf1 exd4 34. Qd1 Qe5 35. Bf3 Nxd5 36. h3 Kh8 0-1